| 000 | 00633nam a2200217 i 4500 | ||
|---|---|---|---|
| 001 | 10276 | ||
| 003 | ES-MaACL | ||
| 005 | 20250903011154.0 | ||
| 007 | t| | ||
| 008 | 950407s1993 sp ||||1| spa d | ||
| 020 | _a84-8041-022-1 | ||
| 080 | _a51(035) | ||
| 100 | 1 |
_aBronshtein, I. _931896 |
|
| 245 | 1 | 0 |
_aManual de matemáticas para ingenieros y estudiantes / _cI. Bronshtein, K. Semendiaev. |
| 260 |
_aMadrid : _bMir, _cD.L.1993. |
||
| 300 |
_a696 p. ; _c21 cm. |
||
| 650 | 0 | 7 |
_aMatemáticas _2embne _914814 |
| 700 | 1 |
_aSemendiavev, K. _9105375 |
|
| 852 |
_aES-MaACL _jL-17780 _bR.123508 |
||
| 999 |
_c10276 _d10276 |
||